000 00814nam a2200253Ia 4500
003 OSt
005 20220923212940.0
006 a|||||r|||| 00| 0
007 ta
008 220922b |||||||| |||| 00| 0 hin d
024 _a157,276
037 _cTextual
040 _aARTS
_cARTS
_bhin
041 _2hin
_ahin
082 _aO152:g(P), L9
100 _aद्विवेदी, विजय
245 0 _aशैली विज्ञान का स्वरूप
246 _aShailī vijnyān kā svarūpa
260 _aदिल्ली
_b शब्द और शब्द
_c1979
300 _a72 पृ.
_ccm.
650 _aहिन्दी साहित्य
_9156264
942 _hO152:g(P), L9
_cTEXL
_2CC
999 _c312493
_d312493